La enseñanza de la lectura.

Tallennettuna:
Bibliografiset tiedot
Päätekijä: Pang, Elizabeth S. (autor)
Muut tekijät: Muaka, Angaluki (autor) (autor), Beruhardt, Elizabeth B. (autor) (autor)
Aineistotyyppi: Kirja
Kieli:espanja
Sarja:(Serie prácticas educativas; 12)
Aiheet:
Tagit: Lisää tagi
Ei tageja, Lisää ensimmäinen tagi!

MARC

LEADER 00000nam^a2200000^u^4500
001 000517117
005 20250521000000.0
008 100929s1000^^^^^^^^^^^^r^^^^^000^0^spa^d
009 20260310130349.791
035 |a FCE 000061338 
037 |a Acervo ITESO - Biblioteca 
041 |a spa 
082 0 4 |a 370.733  |b SPE 12 
100 |a Pang, Elizabeth S.  |e (autor) 
245 1 0 |a La enseñanza de la lectura. 
264 |a México:  |b CENEVAL: CINVESTAV: COMIE: INEE: UPN: IBE,  |c 2006. 
300 |a 39 p. 
336 |a texto  |b txt  |2 rdacontenido 
337 |a sin mediación  |b n  |2 rdamedio 
338 |a volumen  |b nc  |2 rdasoporte 
440 1 |a (Serie prácticas educativas; 12) 
649 |a XX 
650 |a Enseñanza de la lectura 
650 |a Comprensión 
650 |a Lenguaje oral 
650 |a Lenguaje del niño 
650 |a Motivación del alumno 
650 |a Factores culturales 
650 |a Desarrollo del vocabulario 
650 |a Textos 
650 |a Fluidez 
650 |a Lectura y escritura 
700 |a Muaka, Angaluki  |e (autor) 
700 |a Beruhardt, Elizabeth B.  |e (autor) 
910 |a Fondo Centro de Estudios Educativos 
920 |a Impresos - Libros 
930 |a Fondos Especiales 
905 |a 133 
901 |a ALE047770  |b IT2  |c CEE  |u 20250521 
901 |a ALE047771  |b IT2  |c CEE  |u 20250521 
901 |a ALE047772  |b IT2  |c CEE  |u 20250521 
902 |a https://opac.biblio.iteso.mx/vufind/Record/000517117